ナンバリングから高速道路を当てる - Statistics

General Stats
  • This quiz has been taken 22 times
  • The average score is 42 of 95
Answer Stats
ナンバリング 路線名 % Correct
E1 東名高速道路、名神高速道路
100%
E1A 新東名高速道路、新名神高速道路、伊勢湾岸自動車道
100%
E8 北陸自動車道
95%
E4 東北自動車道
90%
E9 京都縦貫自動車道、鳥取豊岡宮津自動車道、山陰自動車道
90%
E13 東北中央自動車道(相馬~福島北)、東北自動車道(福島北~福島)、東北中央自動車道(福島~横手)
90%
E46 釜石自動車道、東北自動車道(花巻~北上)、秋田自動車道(北上~河辺)
90%
E48 仙台南部道路、東北自動車道(仙台南~村田)、山形自動車道
90%
E2 山陽自動車道
85%
E2A 中国自動車道、関門自動車道
85%
E3 九州自動車道
85%
E29 中国横断自動車道姫路鳥取線(播磨自動車道、中国自動車道、鳥取自動車道)
85%
E73 岡山自動車道、中国自動車道(北房~落合)、米子自動車道
85%
E74 広島自動車道、中国自動車道(広島北~千代田)、浜田自動車道
85%
E6 常磐自動車道、仙台東部道路、三陸沿岸道路(仙台港北~利府)、仙台北部道路
80%
E10 東九州自動車道(北九州~清武)、宮崎自動車道
80%
E4A 東北縦貫自動車道八戸線(八戸自動車道、百石道路、第二みちのく有料道路、上北自動車道、みちのく有料道路、青森自動車道)
75%
E11 徳島自動車道(徳島~鳴門)、高松自動車道、松山自動車道(川之江~松山)
75%
E19 中央自動車道(小牧~岡谷)、長野自動車道
75%
E20 中央自動車道(高井戸~岡谷)
75%
E52 新東名高速道路清水連絡路、中部横断自動車道、中央自動車道、中部横断自動車道
75%
E68 中央自動車道(大月~河口湖)、東富士五湖道路
75%
E5 北海道縦貫自動車道(道央自動車道)
70%
E7 日本海東北自動車道、秋田自動車道(河辺~小坂)
70%
E17 関越自動車道
70%
E56 四国横断自動車道(高知自動車道)、松山自動車道(大洲~松山)
70%
E78 東九州自動車道(清武~加治木)
70%
E32 徳島自動車道(徳島~川之江東)、高知自動車道(川之江~高知)
65%
E34 大分自動車道(日出~鳥栖)、長崎自動車道、ながさき出島道路
65%
E35 西九州自動車道
60%
E50 北関東自動車道、東水戸道路、常陸那珂有料道路
60%
E5A 北海道横断自動車道(後志自動車道、札樽自動車道)
55%
E67 中部縦貫自動車道
55%
E24 京奈和自動車道
50%
E42 近畿自動車道紀勢線(紀勢自動車道、阪和自動車道)
50%
E58 沖縄自動車道、那覇空港自動車道
50%
E61 北海道横断自動車道網走線(道東自動車道、十勝オホーツク自動車道、美幌バイパス)
50%
E3A 南九州自動車道
45%
E14 京葉道路、館山自動車道、富津館山道路
45%
E25 名阪国道、西名阪自動車道
45%
E26 近畿自動車道、阪和自動車道(松原~和歌山)
45%
E38 北海道横断自動車道根室線(道東自動車道)
45%
E51 東関東自動車道水戸線(東関東自動車道)
45%
E54 尾道自動車道、松江自動車道
45%
C3 東京外環自動車道
45%
CA 東京湾アクアライン、東京湾アクアライン連絡道
45%
E18 上信越自動車道
40%
E23 東名阪自動車道、伊勢自動車道
40%
E27 舞鶴若狭自動車道
40%
E28 神戸淡路鳴門自動車道
40%
E41 東海北陸自動車道、能越自動車道
40%
E49 磐越自動車道
40%
C2 名古屋第二環状自動車道
35%
C3 東海環状自動車道
35%
E30 瀬戸中央自動車道
30%
E65 新空港自動車道
30%
E66 首都圏中央連絡自動車道(栄~戸塚)
30%
E69 新東名高速道路引佐連絡路、三遠南信自動車道
30%
E93 第二神明道路
30%
E94 第二神明道路(北線)
30%
C4 首都圏中央連絡自動車道(釜利谷~木更津)
30%
E16 横浜新道(新保土ヶ谷~狩場)、横浜横須賀道路
25%
E31 広島呉道路
25%
E63 日高自動車道
25%
E77 九州横断自動車道延岡線(九州中央自動車道)
25%
E88 京滋バイパス
25%
E89 第二京阪道路
25%
E64 津軽自動車道
20%
E71 関西空港自動車道、関西国際空港連絡橋
20%
E84 新湘南バイパス(茅ヶ崎~茅ヶ崎海岸)、西湘バイパス
20%
E85 小田原厚木道路
20%
E39 旭川紋別自動車道
15%
E55 四国横断自動車道(徳島南部自動車道)、阿南安芸自動車道、高知東部自動車道
15%
E62 深川留萌自動車道
15%
E76 尾道福山自動車道、瀬戸内しまなみ海道、今治小松自動車道
15%
E81 日光宇都宮道路
15%
E82 千葉東金道路
15%
E83 第三京浜道路、横浜新道(保土ヶ谷~戸塚)
15%
E86 のと里山海道(千鳥台~徳田大津)
15%
E87 知多半島道路(大高~半田中央)、セントレアライン
15%
E91 南阪奈有料道路、南阪奈道路、大和高田バイパス(弁之庄~四条)
15%
E92 第二阪奈有料道路
15%
E96 長崎バイパス
15%
E97 日出バイパス、大分空港道路
15%
E98 一ツ葉有料道路(南線)
15%
E59 函館江差自動車道
10%
E60 帯広広尾自動車道
10%
E75 東広島呉自動車道
10%
E80 あぶくま高原道路
10%
E95 播但連絡道路
10%
E44 北海道横断自動車道根室線(釧路東~根室)
5%
E45 三陸沿岸道路(利府~八戸)
5%
E70 伊豆縦貫自動車道
5%
E72 北近畿豊岡自動車道
5%
E90 堺泉北有料道路
5%
No matching quizzes found
Score Distribution
Percent of People with Each Score
Percentile by Number Answered
Your Score History
You have not taken this quiz